Český jazykový atlas 1. /

Uložené v:
Podrobná bibliografia
Hlavný autor: Balhar, Jan, 1931- (Author)
Médium: Kniha
Jazyk:Czech
Vydané: Praha : Academia, nakladatelství ČSAV, 1992
Vydanie:1. vyd.
Témy:
ISBN: 8020000143 (viaz.)
Fyzický popis: 427 s.
Tagy: Pridať tag
Žiadne tagy, Buďte prvý kto otaguje tento záznam!

MARC

LEADER 00000nam a2200000 a 4500
001 000069293
003 SVKK
005 20010430000000.0
008 010222s1992 cs e czeo
020 |a 8020000143 (viaz.) 
040 |a SVKKK  |b slo  |c SVKKK  |e AACR2 
041 0 |a cze 
044 |a cs  |c CS 
080 |a 808.50(084.3)  |2 1997 
100 1 |a Balhar, Jan,  |d 1931-  |4 aut 
245 1 0 |a Český jazykový atlas 1. /  |c Jan Balhar...[et al.] 
250 |a 1. vyd. 
260 |a Praha :  |b Academia, nakladatelství ČSAV,  |c 1992 
300 |a 427 s. 
653 0 |a jazyk český  |2 SVKKKPH 
653 0 |a atlasy  |2 SVKKKPH 
655 7 |a atlasy  |2 SVKKKPH 
910 |a svkkk 
919 |a 80-200-0014-3 
974 |a MI  |d 20010222 
974 |a PA  |d 20010222 
974 |a PA  |d 20010430 
998 |a BK 
090 |g SCKHL  |k Sklad Pribinova 3. posch.  |a V.186399  |j 862646  |i 2720139253  |s Povinný výt.